00689nam a2200241 a 4500001001300000003000900013005001700022008004100039020001000080082001500090100001800105245002500123260004900148300000900197500003500206505001300241650002900254700001800283902000800301942000700309952011600316999001500432nice12345678IN_TiNIC20260116012917.0050524s1968 swia grp 000 0 eng  ac10000a226.3bPOB aPobee, John S aNew Eyes for Reading aSwitzerlandbWorld Council of Churchesc1968 a108p aincludes index and biblioraphy2 aAppendix aWomen-Christian Theology1 aPobee, John S bSRS cBK 001040708StackRoom-aHMIbHMId2007-06-20g100.00l0o226.3 POBp012556r2007-06-20v100.00w2005-05-24yBK c8852d8852